000 00323nam a2200121Ia 4500
008 240624s9999 xx 000 0 und d
041 _aeng
082 _a338.5024658 PET
100 _aPETERSEN CRAIG H
245 _aMANAGERIAL ECONOMICS
260 _c2007
_aIndia
_bPearson Education India
300 _axv, : 622 : p. : cm. ; 24
999 _c8790
_d8790